Estados de Estados Unidos que limitan con el estado de Nevada - Estadísticas

Estadísticas generales
  • Esta prueba ha sido intentada 111 veces
  • La puntuación promedio es 5 de 5
Estadísticas de respuestas
Respuesta % Correcto
3 California
100%
5 Arizona
96%
4 Utah
90%
1 Oregon
88%
2 Idaho
83%
No se encontraron pruebas coincidentes
Distribución de puntuación
Porcentaje de gente con cada puntuación
Porcentaje por número respondido
Historial de tus puntuaciones
No has intentado esta prueba.